Pays à l'intérieur d'un ballon de football - Statistiques

Statistiques générales
  • Ce quiz a été pris 2 786 fois
  • Le résultat moyen est 8 sur 12
Réponses sur la Carte
Les réponses sont colorées sur une échelle allant du rouge au vert en fonction du pourcentage des utilisateurs qui les ont devinées à leur premier essai. Vous pouvez retrouver ces pourcentages ci-dessous.
 
Statistiques - réponses
Pays % Correct
Canada
99%
Japon/Bangladesh
97%
Suisse
95%
Chypre
82%
Népal
80%
Maroc
73%
Kenya
66%
Uruguay
61%
Inde
55%
Angola
46%
Egypte
41%
Kosovo
37%
Aucun quiz correspondant
Distribution des résultats
% des personnes avec chaque résultat
Percentile par nombre de réponses
Votre historique - résultats
Vous n’avez pas pris ce quiz